|
|
|
|
| LEADER |
00000cam a22000002c 4500 |
| 001 |
1894043928 |
| 003 |
DE-627 |
| 005 |
20241218054954.0 |
| 007 |
cr uuu---uuuuu |
| 008 |
240704s1894 xx |||||o 00| ||eng c |
| 035 |
|
|
|a (DE-627)1894043928
|
| 035 |
|
|
|a (DE-599)KXP1894043928
|
| 035 |
|
|
|a (PRTC)pathwayoflifeint00talm
|
| 040 |
|
|
|a DE-627
|b ger
|c DE-627
|e rda
|
| 041 |
|
|
|a eng
|
| 050 |
|
0 |
|a BV 4501
|
| 084 |
|
|
|a 1
|2 ssgn
|
| 100 |
1 |
|
|a Talmage, T. De Witt
|d 1832-1902
|e VerfasserIn
|4 aut
|
| 245 |
1 |
4 |
|a The pathway of life ;
|b Intended to lead the young and the old into paths of happiness, and to prepare them for a holy companionship with him whose kingdom is as boundless as his love
|c T. DeWitt Talmage
|
| 264 |
|
1 |
|a Philadelphia
|b Pub. and manufactured by Historical Pub. Co. for the Christian Herald
|c 1894
|
| 300 |
|
|
|a 1 Online-Ressource (xlviii, 49-544 p.)
|b front. (port.) illus.
|
| 336 |
|
|
|a Text
|b txt
|2 rdacontent
|
| 337 |
|
|
|a Computermedien
|b c
|2 rdamedia
|
| 338 |
|
|
|a Online-Ressource
|b cr
|2 rdacarrier
|
| 650 |
|
0 |
|a Christian life and character
|
| 655 |
|
0 |
|a Practical Theology
|
| 710 |
2 |
|
|a Princeton Theological Seminary
|e MitwirkendeR
|4 ctb
|
| 856 |
4 |
0 |
|u https://commons.ptsem.edu/id/pathwayoflifeint00talm
|m X:PRTC
|x Digitalisierung
|z kostenfrei
|7 0
|
| 935 |
|
|
|a PRTC
|a mteo
|
| 951 |
|
|
|a BO
|
| ELC |
|
|
|a 1
|
| LOK |
|
|
|0 000 xxxxxcx a22 zn 4500
|
| LOK |
|
|
|0 001 4546910568
|
| LOK |
|
|
|0 003 DE-627
|
| LOK |
|
|
|0 004 1894043928
|
| LOK |
|
|
|0 005 20240704155920
|
| LOK |
|
|
|0 008 240704||||||||||||||||ger|||||||
|
| LOK |
|
|
|0 035
|a (DE-Tue135)pathwayoflifeint00talm
|
| LOK |
|
|
|0 040
|a DE-Tue135
|c DE-627
|d DE-Tue135
|
| LOK |
|
|
|0 092
|o n
|
| LOK |
|
|
|0 689
|a f
|a Book
|
| LOK |
|
|
|0 852
|a DE-Tue135
|
| LOK |
|
|
|0 852 1
|9 00
|
| LOK |
|
|
|0 866
|x SPQUE#Theological Commons Princeton
|
| LOK |
|
|
|0 935
|a PRTC
|
| LOK |
|
|
|0 939
|a 04-07-24
|b l01
|
| OAS |
|
|
|a 1
|
| ORI |
|
|
|a SA-MARC-ixtheoa001.raw
|